3 films, 1 point commun - Statistiques

Statistiques générales
  • Ce quiz a été pris 748 fois
  • Le résultat moyen est 10 sur 15
Statistiques - réponses
Hint Réponse % Correct
Gladiator / Titanic / Je suis une légende Le héros meurt
84%
Love Actually / 8 Femmes / Maman, j'ai raté l'avion ! Se déroule à Noël
79%
Will Hunting / Le Cercle des poètes disparus / Les Choristes Se déroule dans une école
78%
Black Swan / Suspiria / Billy Elliot Film sur la danse
73%
L'Odyssée de Pi / En pleine tempête / Le Vaisseau de l'angoisse Se déroule en mer
71%
Panic Room / Douze Hommes en colère / Cube Film à huis clos
69%
Toy Story / La Malédiction / Sinister Le méchant est un enfant
64%
Qui veut la peau de Roger Rabbit / Jumanji / Crawl Animal comme personnage
62%
V pour Vendetta / Eyes Wide Shut / Saw Personnage masqué
62%
Kill Bill - Volume 2 / Forrest Gump / Twilight : Chapitre 4 - Révélation A une scène de mariage
61%
Le Pôle express / Apollo 13 / Da Vinci Code Avec Tom Hanks
61%
Esther / Misery / Tatie Danielle Le méchant est une femme
60%
Le Silence des agneaux / Taken / Mystic River Un personnage est kidnappé
57%
Carrie au bal du diable / Stand by Me / La Ligne verte Adaptations de Stephen King
52%
Un monde parfait / Little Miss Sunshine / Duel Road movie
51%
Aucun quiz correspondant
Distribution des résultats
% des personnes avec chaque résultat
Percentile par nombre de réponses
Votre historique - résultats
Vous n’avez pas pris ce quiz